Loading...
Physiolgy and biochemistry of seed dormancy and germination
| Main Author: | |
|---|---|
| Format: | Printed Book |
| Language: | Undetermined English |
| Published: |
Amsterdam
North Holland Publishing Company
1977
|
| Subjects: |
| LEADER | 00584nam a2200169Ia 4500 | ||
|---|---|---|---|
| 008 | 140306s9999 xx 000 0 und d | ||
| 041 | |a eng | ||
| 082 | |a 631 .521 |b KHA/PH | ||
| 100 | |a Khan, A A | ||
| 245 | |a Physiolgy and biochemistry of seed dormancy and germination | ||
| 260 | |a Amsterdam |b North Holland Publishing Company |c 1977 | ||
| 300 | |a 447 | ||
| 365 | |b UKP.162 .00 | ||
| 650 | |a Seed Technology | ||
| 942 | |2 ddc |c BK | ||
| 999 | |c 122240 |d 122240 | ||
| 952 | |0 0 |1 0 |2 ddc |4 0 |6 631__521000000000000_KHAPH |7 0 |9 121715 |a KAUHCV |b KAUHCV |d 2004-05-13 |g 162.00 |o 631 .521 KHA/PH |r 2014-03-22 |w 2014-03-22 |y BK | ||